Introduction to modern inorganic chemistry / (Record no. 152546)

MARC details
000 -LEADER
fixed length control field 00954nam a2200301 a 4500
008 - FIXED-LENGTH DATA ELEMENTS--GENERAL INFORMATION
fixed length control field
020 ## - INTERNATIONAL STANDARD BOOK NUMBER
International Standard Book Number 9780748739837 (paperback)
040 ## - CATALOGING SOURCE
Original cataloging agency NUST
Transcribing agency NUST
049 ## - LOCAL HOLDINGS (OCLC)
Holding library MAIN
090 ## - LOCALLY ASSIGNED LC-TYPE CALL NUMBER (OCLC); LOCAL CALL NUMBER (RLIN)
Classification number (OCLC) (R) ; Classification number, CALL (RLIN) (NR) QD151
Local cutter number (OCLC) ; Book number/undivided call number, CALL (RLIN) MAC
003 - CONTROL NUMBER IDENTIFIER
control field
005 - DATE AND TIME OF LATEST TRANSACTION
control field 20230123133651.0
100 1# - MAIN ENTRY--PERSONAL NAME
Personal name Mackay, K. M.
Fuller form of name (Kenneth Malcolm)
245 10 - TITLE STATEMENT
Title Introduction to modern inorganic chemistry /
Statement of responsibility, etc. K.M. Mackay, R.A. Mackay, W. Henderson
250 ## - EDITION STATEMENT
Edition statement Fifth Edition
260 ## - PUBLICATION, DISTRIBUTION, ETC.
Place of publication, distribution, etc. Cheltenham, U.K. :
Name of publisher, distributor, etc. Stanley Thornes,
Date of publication, distribution, etc. c2002
300 ## - PHYSICAL DESCRIPTION
Extent xvii, 468 pages :
Other physical details illustrations ;
Dimensions 28 cm
336 ## - CONTENT TYPE
Content type term text
Content type code txt
Source rdacontent
337 ## - MEDIA TYPE
Media type term unmediated
Media type code n
Source rdamedia
338 ## - CARRIER TYPE
Carrier type term volume
Carrier type code nc
Source rdacarrier
500 ## - GENERAL NOTE
General note Includes index
504 ## - BIBLIOGRAPHY, ETC. NOTE
Bibliography, etc. note Includes bibliographical references
650 #0 - SUBJECT ADDED ENTRY--TOPICAL TERM
Topical term or geographic name entry element Chemistry, Inorganic
700 1# - ADDED ENTRY--PERSONAL NAME
Personal name Mackay, Rosemary Ann
700 1# - ADDED ENTRY--PERSONAL NAME
Personal name Henderson, W
907 ## - LOCAL DATA ELEMENT G, LDG (RLIN)
a .b10107526
b 30-03-22
c 23-01-04
942 ## - ADDED ENTRY ELEMENTS (KOHA)
Koha item type Ordinary Loan Books
Call number prefix QD151
Call number suffix MAC
Holdings
Date last seen Total Checkouts Full call number Barcode Cost, replacement price Price effective from Koha item type Lost status Source of classification or shelving scheme Damaged status Not for loan Collection Withdrawn status Home library Current library Shelving location Date acquired Cost, normal purchase price
01/23/2023 47 QD151 MAC 92003020119 80.00 01/23/2023 BOOKS   LCC     NFIC   MAIN MAIN GEN 01/23/2023 80.00